[Event " 20. CAROBNI PRSTEN 2017"]
[Site "Valpovo"]
[Date "2017.12.09"]
[Round "4.5"]
[White "Ivekovic, Zvjezdana"]
[Black "Mikic, Ivana"]
[Result "1-0"]
[WhiteElo "1683"]
[BlackElo "1681"]
[PlyCount "97"]
[EventDate "2017.12.08"]

1. d4 Nf6 2. c4 e6 3. Nf3 b6 4. e3 Bb7 5. Bd3 d5 6. Nc3 Bb4 7. a3 Bxc3+ 8. bxc3
O-O 9. O-O dxc4 10. Bxc4 Bd5 11. Be2 Ne4 12. Bb2 Nd6 13. Qc2 Bc4 14. a4 a5 15.
Ba3 Bxe2 16. Qxe2 Re8 17. c4 Nd7 18. e4 e5 19. c5 Nc8 20. c6 Nb8 21. d5 Na6 22.
Rfd1 Nd6 23. Nd2 Kh8 24. Nc4 f6 25. Nxd6 cxd6 26. Qb5 Qc7 27. Rab1 Reb8 28. Qc4
Kg8 29. Rb5 Qd8 30. Rdb1 Kf7 31. Qb3 Ke8 32. Rxb6 g6 33. c7 Qxc7 34. Bxd6 Rxb6
35. Qxb6 Qxb6 36. Rxb6 Kd7 37. Ba3 f5 38. exf5 gxf5 39. Rb7+ Kc8 40. Rxh7 Rb8
41. Rh8+ Kb7 42. Rxb8+ Nxb8 43. h4 Nd7 44. h5 Nf6 45. h6 Nh7 46. Bd6 e4 47. f3
Kc8 48. fxe4 fxe4 49. Kf2 1-0

[Event " 20. CAROBNI PRSTEN 2017"]
[Site "Valpovo"]
[Date "2017.12.09"]
[Round "4.6"]
[White "Raguz, Ivanka"]
[Black "Roklicer, Heike"]
[Result "0-1"]
[WhiteElo "1795"]
[BlackElo "2059"]
[PlyCount "42"]
[EventDate "2017.12.08"]

1. e4 c6 2. d4 d5 3. exd5 cxd5 4. c4 Nf6 5. Nc3 Nc6 6. Nf3 e6 7. Bg5 Be7 8. Be2
O-O 9. O-O b6 10. Rc1 Bb7 11. b3 Rc8 12. Re1 dxc4 13. bxc4 Na5 14. Ne5 Nd7 15.
Bxe7 Qxe7 16. Bd3 Nxe5 17. Rxe5 g6 18. Ne4 Nc6 19. Bb1 Nxe5 20. dxe5 Bxe4 21.
Bxe4 Qg5 0-1

[Event " 20. CAROBNI PRSTEN 2017"]
[Site "Valpovo"]
[Date "2017.12.09"]
[Round "4.9"]
[White "Juric, Ester"]
[Black "Kejzar, Petra"]
[Result "0-1"]
[WhiteElo "1395"]
[BlackElo "2039"]
[PlyCount "58"]
[EventDate "2017.12.08"]

1. d4 g6 2. c4 Bg7 3. e4 c5 4. d5 d6 5. Nd2 e5 6. Ngf3 Ne7 7. Bd3 O-O 8. a3 f5
9. O-O Nd7 10. Nb3 Nf6 11. exf5 e4 12. fxg6 Nxg6 13. Bg5 exf3 14. Qxf3 Ne5 15.
Qd1 Qe8 16. Re1 Qh5 17. Qxh5 Nxh5 18. Be2 Nf6 19. Bf1 Bf5 20. h4 Bc2 21. Nd2
Rae8 22. Bf4 Nh5 23. Be3 Nf4 24. Bxf4 Rxf4 25. g3 Rd4 26. f4 Rxd2 27. fxe5 Bxe5
28. Rac1 Bd4+ 29. Kh1 Be4+ 0-1

[Event " 20. ČAROBNI PRSTEN 2017"]
[Site "Valpovo"]
[Date "2017.12.09"]
[Round "5.1"]
[White "Vujnovic, Patricija"]
[Black "Ivekovic, Zvjezdana"]
[Result "1-0"]
[WhiteElo "2084"]
[BlackElo "1683"]
[PlyCount "51"]
[EventDate "2017.12.08"]

1. d4 d5 2. Nf3 Nf6 3. g3 b6 4. Bg2 Bb7 5. O-O e6 6. Ne5 c5 7. c3 Bd6 8. Qa4+
Nfd7 9. Nd2 Qc7 10. f4 cxd4 11. cxd4 Nc6 12. Ndc4 Bc5 13. dxc5 Nxc5 14. Qb5 Ba6
15. Qxc6+ Qxc6 16. Nxc6 Bxc4 17. Re1 Rc8 18. Ne5 Bb5 19. Be3 Na4 20. Rac1 O-O
21. Bd4 Nc5 22. Bxc5 bxc5 23. b3 a5 24. a4 Ba6 25. Nd7 Rfd8 26. Nxc5 1-0

[Event " 20. CAROBNI PRSTEN 2017"]
[Site "Valpovo"]
[Date "2017.12.09"]
[Round "5.2"]
[White "Berke, Ana"]
[Black "Ivekovic, Ana"]
[Result "1-0"]
[WhiteElo "2122"]
[BlackElo "2110"]
[PlyCount "75"]
[EventDate "2017.12.08"]

1. e4 e5 2. Nf3 Nc6 3. Bb5 a6 4. Ba4 Nf6 5. d3 b5 6. Bb3 Bc5 7. Nc3 h6 8. O-O
O-O 9. Nd5 d6 10. c3 Rb8 11. Be3 Bg4 12. h3 Bh5 13. Qe2 Nd7 14. Rad1 Ne7 15. d4
Nxd5 16. Bxd5 exd4 17. cxd4 Bb6 18. Rfe1 Qe7 19. g4 Bg6 20. g5 Ba5 21. gxh6
Bxe1 22. Rxe1 Kh7 23. Ng5+ Kh8 24. hxg7+ Kxg7 25. Bd2 Nf6 26. Bb3 Nh7 27. Nf3
Rbe8 28. e5 Qd7 29. Kh2 d5 30. Rg1 Rg8 31. Rg3 Nf8 32. Bc2 Rh8 33. Ng5 Rh4 34.
Qe3 Kh8 35. Qf3 Qd8 36. Nxf7+ Bxf7 37. Qxf7 Qd7 38. Qg8# 1-0

[Event " 20. CAROBNI PRSTEN 2017"]
[Site "Valpovo"]
[Date "2017.12.09"]
[Round "5.3"]
[White "Koksa, Jelena"]
[Black "Hlavac, Iva"]
[Result "0-1"]
[WhiteElo "1514"]
[BlackElo "1923"]
[PlyCount "130"]
[EventDate "2017.12.08"]

1. e4 e5 2. Nf3 Nc6 3. d4 exd4 4. Nxd4 Bb4+ 5. c3 Bc5 6. Be3 Bb6 7. g3 Nf6 8.
Bg2 O-O 9. O-O d6 10. h3 Re8 11. Qc2 Bd7 12. Nd2 Qc8 13. Kh2 Ne5 14. Rae1 c5
15. Ne2 c4 16. Nc1 Bxe3 17. Rxe3 b5 18. Ree1 Rb8 19. f4 Ng6 20. Ne2 Qc5 21. Nd4
h5 22. N2f3 b4 23. cxb4 Qxb4 24. Re2 Ba4 25. Qd2 Rxe4 26. Rfe1 Qxd2 27. Rxd2
Rxe1 28. Nxe1 Re8 29. Nef3 d5 30. b3 Bd7 31. Rc2 Rc8 32. Nd2 cxb3 33. Rxc8+
Bxc8 34. axb3 h4 35. gxh4 Nxf4 36. Nc6 Bb7 37. Nxa7 Nxg2 38. Kxg2 Nd7 39. b4
Ne5 40. b5 d4+ 41. Kf1 Bd5 42. Nc8 Kf8 43. Nd6 Nd7 44. Ke2 Nc5 45. N2c4 g6 46.
b6 Ke7 47. b7 Nxb7 48. Nxb7 Bxc4+ 49. Kd2 Bf1 50. Nc5 Kf6 51. Ne4+ Ke5 52. Ng5
f5 53. Nf7+ Kf6 54. Ng5 f4 55. Nf3 d3 56. Ne1 Bxh3 57. Kxd3 Kf5 58. Nf3 Bf1+
59. Kd2 Bg2 60. Nh2 Ke4 61. Ke2 f3+ 62. Kf2 Kf4 63. Nf1 Bxf1 64. Kxf1 Kg3 65.
Kg1 Kxh4 0-1

[Event " 20. CAROBNI PRSTEN 2017"]
[Site "Valpovo"]
[Date "2017.12.09"]
[Round "5.4"]
[White "Roklicer, Heike"]
[Black "Ivekovic, Tihana"]
[Result "0-1"]
[WhiteElo "2059"]
[BlackElo "2142"]
[PlyCount "112"]
[EventDate "2017.12.08"]

1. d4 d5 2. Nc3 Nf6 3. Bg5 Nbd7 4. Nf3 e6 5. e4 dxe4 6. Nxe4 Be7 7. Nxf6+ Nxf6
8. Bd3 O-O 9. c3 c5 10. O-O b6 11. Qc2 h6 12. Bxf6 Bxf6 13. dxc5 bxc5 14. Qe2
Bb7 15. Be4 Bxe4 16. Qxe4 Rb8 17. Rab1 Qa5 18. Qc4 Rfc8 19. Nd2 Rc7 20. Ne4 Be7
21. a4 Rcb7 22. b3 Qb6 23. Rfe1 Rd8 24. h3 Rd5 25. Qb5 Qc7 26. Qc4 Qd7 27. Re2
Rd1+ 28. Re1 Rxb1 29. Rxb1 Qd5 30. Qxd5 exd5 31. Ng3 a5 32. Nf5 Bf8 33. Ne3 c4
34. Nxd5 cxb3 35. Nf4 Ba3 36. Ne2 Bc5 37. Kf1 Kf8 38. Ke1 Ke7 39. f3 Be3 40.
Nc1 Bxc1 41. Rxc1 Kd6 42. Kd2 Kc5 43. Re1 Rd7+ 44. Kc1 Kc4 45. Re3 g5 46. g3 f5
47. f4 gxf4 48. gxf4 Rg7 49. Kb2 Rg2+ 50. Kb1 Rf2 51. Re6 Kxc3 52. Rc6+ Kb4 53.
Rxh6 Ka3 54. Rc6 Rf1+ 55. Rc1 Rxc1+ 56. Kxc1 Ka2 0-1

[Event " 20. CAROBNI PRSTEN 2017"]
[Site "Valpovo"]
[Date "2017.12.09"]
[Round "5.5"]
[White "Kejzar, Petra"]
[Black "Mahmutbegovic, Nadina"]
[Result "1/2-1/2"]
[WhiteElo "2039"]
[BlackElo "1930"]
[PlyCount "77"]
[EventDate "2017.12.08"]

1. e4 e5 2. Nf3 Nc6 3. Bb5 a6 4. Ba4 Nf6 5. d3 b5 6. Bb3 Be7 7. O-O d6 8. a4
Bg4 9. c3 O-O 10. h3 Bd7 11. Re1 b4 12. Nbd2 bxc3 13. bxc3 Na5 14. Bc2 c5 15.
Ba3 Re8 16. Rb1 Qc7 17. Nf1 Bf8 18. Qd2 Rab8 19. g4 c4 20. d4 Nb3 21. Bxb3 cxb3
22. Qd3 Bxa4 23. dxe5 dxe5 24. Bxf8 Kxf8 25. Qxa6 Ra8 26. Qd3 Red8 27. Qe3 Rac8
28. Ng3 Qxc3 29. Qxc3 Rxc3 30. Nxe5 Rd2 31. g5 Ne8 32. Kg2 Rcc2 33. Nh1 b2 34.
Nf3 Rd8 35. Ng3 Bb3 36. Re2 Rxe2 37. Nxe2 Bc2 38. Rxb2 Bxe4 39. Ng3 1/2-1/2

[Event " 20. CAROBNI PRSTEN 2017"]
[Site "Valpovo"]
[Date "2017.12.09"]
[Round "5.6"]
[White "Maroslavac, Ivana"]
[Black "Bevanda, Ema"]
[Result "1/2-1/2"]
[WhiteElo "1687"]
[BlackElo "1527"]
[PlyCount "63"]
[EventDate "2017.12.08"]

1. e4 c5 2. Nf3 e6 3. d4 d5 4. exd5 exd5 5. Bb5+ Nc6 6. dxc5 Bxc5 7. O-O Nf6 8.
Nc3 O-O 9. Bg5 Be6 10. Bxf6 Qxf6 11. Nxd5 Qxb2 12. Nc7 Rad8 13. Qb1 Qxb1 14.
Rfxb1 Bg4 15. Rd1 Bxf3 16. gxf3 Nd4 17. Kg2 Nxc2 18. Rac1 Rxd1 19. Rxd1 Nd4 20.
Bc4 Rc8 21. Nd5 Nf5 22. Bd3 Nd4 23. Rc1 Kf8 24. Ne3 Ne6 25. Be4 Nf4+ 26. Kf1 b6
27. Rd1 g6 28. Bb7 Rc7 29. Ba6 Ne6 30. Nd5 Rd7 31. Nc3 Rxd1+ 32. Nxd1 1/2-1/2

[Event " 20. CAROBNI PRSTEN 2017"]
[Site "Valpovo"]
[Date "2017.12.09"]
[Round "5.7"]
[White "Purkic, Ruza"]
[Black "Raguz, Ivanka"]
[Result "1-0"]
[WhiteElo "1529"]
[BlackElo "1795"]
[PlyCount "125"]
[EventDate "2017.12.08"]

1. c4 Nf6 2. g3 e5 3. Bg2 Be7 4. Nc3 c6 5. Nf3 Qc7 6. d3 O-O 7. O-O d5 8. cxd5
Nxd5 9. Bd2 Nd7 10. Qc1 N7f6 11. Ng5 Qd8 12. a3 h6 13. Nge4 Nh7 14. b4 f5 15.
Nxd5 cxd5 16. Nc3 Be6 17. Qb2 Bf6 18. Rac1 e4 19. Qb1 Rf7 20. dxe4 fxe4 21.
Rfd1 Qf8 22. Be3 Rd8 23. Bc5 Be7 24. Bxe7 Rxe7 25. e3 Ng5 26. Ne2 Nh3+ 27. Kh1
Nxf2+ 28. Kg1 Nxd1 29. Rxd1 Qe8 30. Nf4 g5 31. Nxe6 Rxe6 32. Qb2 Red6 33. Qd4
b6 34. Rf1 Qg6 35. Bh3 g4 36. Bg2 h5 37. Qe5 Re8 38. Qd4 Rf8 39. Rxf8+ Kxf8 40.
Qh8+ Ke7 41. Qe5+ Kd7 42. h3 Kc6 43. a4 Re6 44. b5+ Kd7 45. Qxd5+ Rd6 46. Qb7+
Ke6 47. h4 Qf5 48. Qc8+ Rd7 49. Qe8+ Re7 50. Qc8+ Kf6 51. Qh8+ Kg6 52. Qg8+ Rg7
53. Qe8+ Qf7 54. Qxe4+ Kh6 55. Qe5 Qe7 56. Qf4+ Kh7 57. Be4+ Kg8 58. Qb8+ Qf8
59. Bd5+ Rf7 60. Bxf7+ Kxf7 61. Qxf8+ Kxf8 62. e4 Ke7 63. Kf2 1-0

[Event " 20. CAROBNI PRSTEN 2017"]
[Site "Valpovo"]
[Date "2017.12.09"]
[Round "5.9"]
[White "Juric, Matea"]
[Black "Juric, Ester"]
[Result "0-1"]
[WhiteElo "1308"]
[BlackElo "1395"]
[PlyCount "94"]
[EventDate "2017.12.08"]

1. e4 c5 2. Nf3 d6 3. d4 cxd4 4. Qxd4 Nc6 5. Bb5 Bd7 6. Bxc6 Bxc6 7. Nc3 Nf6 8.
Bg5 e6 9. O-O Be7 10. Rfe1 Qc7 11. Rad1 Rd8 12. Qxa7 O-O 13. Qe3 Rfe8 14. h3 h6
15. Bh4 e5 16. Re2 b6 17. Bxf6 Bxf6 18. Red2 Be7 19. Re1 Bf6 20. Nd5 Bxd5 21.
Rxd5 Qxc2 22. Qxb6 Rb8 23. Qe3 Qxb2 24. Re2 Qb7 25. Red2 Ra8 26. a3 Ra7 27. Ne1
Qa6 28. Nc2 Be7 29. f4 exf4 30. Qxf4 Bg5 31. Qxd6 Qxd6 32. Rxd6 Bxd2 33. Rxd2
Rxe4 34. Rd3 Rc4 35. Nb4 Rc1+ 36. Kh2 Ra1 37. Nc2 Ra2 38. Rc3 Kf8 39. Kg3 Ke7
40. Kf3 Ke6 41. Re3+ Kf6 42. Rc3 Kg6 43. g3 f5 44. Rc6+ Kh7 45. Rc3 g5 46. Rc5
Kg6 47. Rc4 Kh5 0-1

[Event " 20. CAROBNI PRSTEN 2017"]
[Site "Valpovo"]
[Date "2017.12.10"]
[Round "6.2"]
[White "Hlavac, Iva"]
[Black "Ivekovic, Tihana"]
[Result "0-1"]
[WhiteElo "1923"]
[BlackElo "2142"]
[PlyCount "74"]
[EventDate "2017.12.08"]

1. e4 c5 2. Nf3 e6 3. d4 cxd4 4. Nxd4 a6 5. Bd3 Nf6 6. O-O Qc7 7. Qe2 d5 8. e5
Nfd7 9. Re1 Nc6 10. Nxc6 bxc6 11. c3 Be7 12. f4 O-O 13. f5 exf5 14. Bxf5 Nc5
15. Bc2 Ne6 16. Qh5 g6 17. Qf3 f6 18. Qg3 fxe5 19. Bxg6 hxg6 20. Qxg6+ Ng7 21.
Bh6 Bc5+ 22. Kh1 Qf7 23. Qxf7+ Rxf7 24. Nd2 e4 25. Nb3 Bb6 26. h3 a5 27. Nd2
Ba6 28. c4 Re8 29. Rac1 Bb7 30. c5 Bc7 31. Nb3 Nf5 32. Bg5 Bg3 33. Rf1 Ba6 34.
Rfd1 a4 35. Nd2 d4 36. Nf1 Bxf1 37. Rxf1 e3 0-1

[Event " 20. CAROBNI PRSTEN 2017"]
[Site "Valpovo"]
[Date "2017.12.10"]
[Round "6.3"]
[White "Mahmutbegovic, Nadina"]
[Black "Ivekovic, Zvjezdana"]
[Result "1-0"]
[WhiteElo "1930"]
[BlackElo "1683"]
[PlyCount "117"]
[EventDate "2017.12.08"]

1. e4 e5 2. d4 exd4 3. c3 Qe7 4. Qe2 Nc6 5. Nf3 b6 6. cxd4 Qb4+ 7. Nc3 Nxd4 8.
Nxd4 Qxd4 9. Be3 Qb4 10. O-O-O c6 11. Rd4 Qe7 12. Bf4 Qe6 13. Qd1 Bc5 14. Bc4
Qe7 15. Bd6 Bxd6 16. Rxd6 Qg5+ 17. Kb1 Nf6 18. e5 Ng4 19. f4 Qxf4 20. Rd4 Nf2
21. Rxf4 Nxd1 22. Bxf7+ Ke7 23. Rxd1 Rf8 24. Rdf1 Ba6 25. R1f2 Bd3+ 26. Kc1 h6
27. Bb3 Rxf4 28. Rxf4 Rf8 29. Rxf8 Kxf8 30. Kd2 Bf1 31. g3 Ke7 32. Ne4 Bh3 33.
Nd6 Kd8 34. Ke3 a5 35. Bf7 Ke7 36. Bb3 Kd8 37. Bd1 Be6 38. a3 c5 39. h4 g5 40.
hxg5 hxg5 41. Bh5 Kc7 42. Nf7 b5 43. Nxg5 Bb3 44. Ne4 Kc6 45. Nd2 Bc2 46. Bf3+
Kb6 47. g4 b4 48. Be4 Bd1 49. g5 bxa3 50. bxa3 Kb5 51. g6 Bh5 52. g7 Bf7 53.
Bc2 c4 54. Kd4 Bg8 55. Ne4 Kc6 56. Nf6 Be6 57. g8=Q Bxg8 58. Nxg8 c3 59. Ba4+
1-0

[Event " 20. CAROBNI PRSTEN 2017"]
[Site "Valpovo"]
[Date "2017.12.10"]
[Round "6.4"]
[White "Ivekovic, Ana"]
[Black "Kejzar, Petra"]
[Result "0-1"]
[WhiteElo "2110"]
[BlackElo "2039"]
[PlyCount "48"]
[EventDate "2017.12.08"]

1. d4 f5 2. e3 Nf6 3. Bd3 g6 4. b3 Bg7 5. Bb2 d6 6. Nd2 O-O 7. c4 Qe8 8. Qc2
Na6 9. a3 e5 10. O-O-O c5 11. d5 Nc7 12. Nh3 b5 13. Rde1 Bd7 14. Nb1 bxc4 15.
bxc4 Ba4 16. Qd2 e4 17. Bc2 Rb8 18. Nc3 Bxc2 19. Qxc2 Nd7 20. Nd1 Ne5 21. Bxe5
Qxe5 22. Kd2 Rb6 23. Nc3 Rfb8 24. Rb1 Qxc3+ 0-1

[Event " 20. CAROBNI PRSTEN 2017"]
[Site "Valpovo"]
[Date "2017.12.10"]
[Round "6.5"]
[White "Koksa, Jelena"]
[Black "Maroslavac, Ivana"]
[Result "0-1"]
[WhiteElo "1514"]
[BlackElo "1687"]
[PlyCount "114"]
[EventDate "2017.12.08"]

1. e4 e5 2. Nf3 Nc6 3. d4 exd4 4. Nxd4 Bc5 5. Nb3 Bb6 6. Nc3 Nf6 7. Qe2 O-O 8.
Be3 Bxe3 9. Qxe3 d6 10. f3 Be6 11. O-O-O Qe7 12. Qf2 a6 13. g4 h6 14. h4 Nh7
15. Be2 f6 16. Qh2 Kf7 17. f4 Ke8 18. g5 Rh8 19. g6 Nf8 20. f5 Bxb3 21. axb3
Qe5 22. Qf2 Ne7 23. Nd5 Nxd5 24. exd5 Qe7 25. Rhe1 Kd8 26. Bb5 Qxe1 27. Rxe1
axb5 28. Kd2 Nd7 29. Re4 Ne5 30. Qf1 c6 31. dxc6 bxc6 32. Rxe5 dxe5 33. Qg1 Kc7
34. Qc5 Rhd8+ 35. Ke2 Rd7 36. b4 Kb7 37. Qe3 Rad8 38. c3 Ra8 39. Qc1 Rad8 40.
Qc2 Rd5 41. c4 bxc4 42. Qxc4 R8d7 43. h5 Rd2+ 44. Ke3 Rxb2 45. Qe6 Rbd2 46. Qb3
Kb6 47. Qa3 R2d3+ 48. Qxd3 Rxd3+ 49. Kxd3 Kb5 50. Kc3 e4 51. Kb3 e3 52. Kc3 e2
53. Kd2 Kxb4 54. Kxe2 Kc3 55. Kd1 c5 56. Kc1 c4 57. Kd1 Kb2 0-1

[Event " 20. CAROBNI PRSTEN 2017"]
[Site "Valpovo"]
[Date "2017.12.10"]
[Round "6.6"]
[White "Bevanda, Ema"]
[Black "Mikic, Ivana"]
[Result "0-1"]
[WhiteElo "1527"]
[BlackElo "1681"]
[PlyCount "62"]
[EventDate "2017.12.08"]

1. d4 Nf6 2. Bf4 e6 3. e3 d5 4. Nf3 b6 5. Nbd2 Bd6 6. Bg3 O-O 7. Bd3 Ba6 8. Qe2
Bxd3 9. Qxd3 Qe7 10. Rc1 Nbd7 11. c4 c5 12. Ne5 Rac8 13. Ndf3 cxd4 14. exd4
dxc4 15. Nxc4 Bxg3 16. hxg3 b5 17. g4 bxc4 18. Qc2 e5 19. g5 exd4+ 20. Kf1 d3
21. gxf6 Nxf6 22. Qd2 Ne4 23. Qe3 Ng3+ 24. Kg1 Qxe3 25. fxe3 Nxh1 26. Kxh1 Rfe8
27. Re1 Rcd8 28. Nd2 Rc8 29. Rc1 Rxe3 30. Rxc4 Rxc4 31. Nxc4 Re2 0-1

[Event " 20. CAROBNI PRSTEN 2017"]
[Site "Valpovo"]
[Date "2017.12.10"]
[Round "6.7"]
[White "Purkic, Ruza"]
[Black "Roklicer, Heike"]
[Result "0-1"]
[WhiteElo "1529"]
[BlackElo "2059"]
[PlyCount "72"]
[EventDate "2017.12.08"]

1. c4 e5 2. g3 Nc6 3. Bg2 Nf6 4. Nc3 g6 5. d3 Bg7 6. Nf3 O-O 7. O-O d6 8. Bd2
Be6 9. Qc1 Qd7 10. Re1 Rfe8 11. Rb1 Bh3 12. Bh1 Bg4 13. b4 a6 14. a4 Nd4 15. b5
axb5 16. axb5 Bxf3 17. exf3 b6 18. f4 Rab8 19. fxe5 Rxe5 20. Ne4 Nxe4 21. dxe4
Ree8 22. Bc3 Qe6 23. Bb2 Qg4 24. Bxd4 Bxd4 25. Qc2 Qg5 26. Qd3 Qc5 27. Re2 Qe5
28. Rd1 Bc5 29. Qd5 Qf6 30. Bg2 Re5 31. Qc6 Re7 32. Ra2 Kg7 33. Rf1 Qc3 34. Ra7
Qxc4 35. Rxc7 Rxc7 36. Qxc7 Bxf2+ 0-1

[Event " 20. CAROBNI PRSTEN 2017"]
[Site "Valpovo"]
[Date "2017.12.10"]
[Round "7.1"]
[White "Vujnovic, Patricija"]
[Black "Mahmutbegovic, Nadina"]
[Result "1-0"]
[WhiteElo "2084"]
[BlackElo "1930"]
[PlyCount "73"]
[EventDate "2017.12.08"]

1. d4 d5 2. c4 e6 3. Nc3 Nf6 4. cxd5 exd5 5. Bg5 Be7 6. e3 c6 7. Bd3 Nbd7 8.
Qc2 h6 9. Bh4 O-O 10. Nf3 Re8 11. Bg3 c5 12. Nb5 Qa5+ 13. Qd2 Qxd2+ 14. Kxd2
Bd8 15. Nd6 Re7 16. Nh4 g6 17. Rac1 c4 18. Bc2 Nf8 19. Nf3 Ba5+ 20. Kd1 Bb4 21.
Nb5 Bd7 22. Nc3 Bxc3 23. bxc3 Ne4 24. Bxe4 Rxe4 25. Ne5 f6 26. f3 Rxe3 27. Bf4
Rxe5 28. dxe5 g5 29. Bg3 fxe5 30. Bxe5 Ng6 31. Bg3 Kf7 32. Re1 Ne7 33. Kd2 Nf5
34. Re5 Be6 35. Rb1 b6 36. a4 Ne7 37. Rbe1 1-0

[Event " 20. CAROBNI PRSTEN 2017"]
[Site "Valpovo"]
[Date "2017.12.10"]
[Round "7.2"]
[White "Ivekovic, Tihana"]
[Black "Kejzar, Petra"]
[Result "1-0"]
[WhiteElo "2142"]
[BlackElo "2039"]
[PlyCount "63"]
[EventDate "2017.12.08"]

1. d4 d5 2. c4 c6 3. Nc3 e6 4. e3 f5 5. Qc2 Nf6 6. Nf3 Be7 7. Be2 O-O 8. O-O
Bd7 9. a3 Be8 10. cxd5 cxd5 11. Bd2 Nc6 12. Rfc1 Rc8 13. Qd1 Bh5 14. Ng5 Bxe2
15. Nxe2 Qd6 16. Nf4 Ne4 17. Ngxe6 Rf6 18. Bb4 Qd7 19. Bxe7 Qxe7 20. Nc5 Rh6
21. Nxe4 fxe4 22. Qb3 Rd8 23. Rc5 Qh4 24. h3 Kh8 25. Rxd5 Rf8 26. Qc2 Ne7 27.
Rd7 Nf5 28. Qxe4 Rhf6 29. Qe5 h5 30. Qxf5 Qxf2+ 31. Kxf2 Rxf5 32. Ke2 1-0

[Event " 20. CAROBNI PRSTEN 2017"]
[Site "Valpovo"]
[Date "2017.12.10"]
[Round "7.3"]
[White "Roklicer, Heike"]
[Black "Berke, Ana"]
[Result "1/2-1/2"]
[WhiteElo "2059"]
[BlackElo "2122"]
[PlyCount "86"]
[EventDate "2017.12.08"]

1. d4 Nf6 2. c4 e6 3. Nc3 Bb4 4. f3 d5 5. Bg5 h6 6. Bh4 c5 7. a3 Ba5 8. cxd5 g5
9. Bf2 Nxd5 10. Rc1 Nc6 11. dxc5 Nxc3 12. Qxd8+ Nxd8 13. bxc3 O-O 14. e4 e5 15.
Bc4 Be6 16. Bd5 Nc6 17. Ne2 Rad8 18. Rd1 Nd4 19. Bxd4 exd4 20. Rxd4 Rc8 21. Rc4
Bxd5 22. exd5 b5 23. Rd4 Rxc5 24. Rd3 Rd8 25. d6 Rc6 26. d7 Rc7 27. Kd2 Rcxd7
28. Rxd7 Rxd7+ 29. Kc2 a6 30. Rd1 Re7 31. Nd4 Bc7 32. h3 Bf4 33. Kb3 Rc7 34.
Rd3 h5 35. Nf5 h4 36. Ne3 Be5 37. Ng4 Bg7 38. Ne3 Kh7 39. Nf5 Bf6 40. Ne3 Bg7
41. Nf5 Bf6 42. Ne3 Bg7 43. Nf5 Bf6 1/2-1/2

[Event " 20. CAROBNI PRSTEN 2017"]
[Site "Valpovo"]
[Date "2017.12.10"]
[Round "7.4"]
[White "Mikic, Ivana"]
[Black "Hlavac, Iva"]
[Result "1/2-1/2"]
[WhiteElo "1681"]
[BlackElo "1923"]
[PlyCount "26"]
[EventDate "2017.12.08"]

1. e4 e5 2. Nf3 Nc6 3. Bb5 a6 4. Ba4 Nf6 5. O-O b5 6. Bb3 Be7 7. Re1 d6 8. c3
O-O 9. h3 Na5 10. Bc2 c5 11. d4 cxd4 12. cxd4 Qc7 13. Nc3 Bb7 1/2-1/2

[Event " 20. CAROBNI PRSTEN 2017"]
[Site "Valpovo"]
[Date "2017.12.10"]
[Round "7.7"]
[White "Bevanda, Ema"]
[Black "Juric, Ester"]
[Result "1-0"]
[WhiteElo "1527"]
[BlackElo "1395"]
[PlyCount "93"]
[EventDate "2017.12.08"]

1. d4 d5 2. Bf4 Nf6 3. e3 e6 4. Nf3 b6 5. Nbd2 Bb7 6. Bd3 Be7 7. c3 Nbd7 8. Qe2
c5 9. O-O O-O 10. Rad1 Rc8 11. Rfe1 Re8 12. h3 h6 13. Bb5 c4 14. Ba4 a6 15. Bc2
b5 16. a3 Bf8 17. Nf1 a5 18. Ne5 Nxe5 19. dxe5 Nd7 20. Qg4 g5 21. Bh2 Bg7 22.
f4 f5 23. Qf3 Rb8 24. Rd4 Nc5 25. Qh5 Ne4 26. Bxe4 fxe4 27. Ng3 Qe7 28. Qg4
gxf4 29. exf4 Rf8 30. Nh5 Kh8 31. Bg3 Rg8 32. Bh4 Qe8 33. Nxg7 Rxg7 34. Bf6 Qf8
35. Bxg7+ Qxg7 36. Qxe6 Qg3 37. Qxh6+ Kg8 38. Qg5+ Qxg5 39. fxg5 Re8 40. Rf1
Rxe5 41. h4 b4 42. axb4 axb4 43. Rf6 bxc3 44. bxc3 e3 45. Kf1 Bc8 46. Ke2 Bg4+
47. Rxg4 1-0

[Event " 20. CAROBNI PRSTEN 2017"]
[Site "Valpovo"]
[Date "2017.12.10"]
[Round "7.8"]
[White "Juric, Matea"]
[Black "Koksa, Jelena"]
[Result "0-1"]
[WhiteElo "1308"]
[BlackElo "1514"]
[PlyCount "98"]
[EventDate "2017.12.08"]

1. e4 e5 2. Nf3 Nc6 3. Bc4 Bc5 4. d3 Nf6 5. h3 d6 6. Nc3 h6 7. Bd2 Bb6 8. Na4
Qe7 9. Nxb6 axb6 10. Bb3 Be6 11. Be3 d5 12. exd5 Nxd5 13. Bxd5 Bxd5 14. b3 O-O
15. O-O Qf6 16. Nd2 Qg6 17. f3 Ne7 18. Qe2 Nf5 19. Bf2 Rfe8 20. Ne4 Bc6 21. c3
Rad8 22. Rad1 Bd7 23. Kh2 Nd6 24. Ng3 Nb5 25. Qd2 Bc6 26. Be1 Rd7 27. Qe2 f6
28. Ne4 Red8 29. Rd2 Bxe4 30. dxe4 Nd6 31. Bf2 Qf7 32. Rfd1 Nc8 33. Bg3 Qe7 34.
Qe3 Rxd2 35. Rxd2 Nd6 36. Qe2 Kh7 37. Bf2 Nc8 38. Bg1 Rxd2 39. Qxd2 Nd6 40. Qd3
Qd7 41. c4 Qc6 42. Be3 Nc8 43. f4 Qd6 44. Qc2 Qe6 45. f5 Qc6 46. Qd3 Nd6 47. g4
Qxe4 48. Qd2 Qf3 49. b4 Ne4 0-1